Geografia europea con la lettera V - Statistics

Statistiche generali
  • Questo quiz è stato fatto 177 volte
  • Il punteggio medio è 14 su 18
Statistiche sulle risposte
DOMANDA RISPOSTA % Corretto
Vi governa il papa Vaticano
99%
Città di Piazza San Marco Venezia
99%
Città dov'è ambientato Romeo e Giulietta Verona
99%
Vulcano nel napoletano Vesuvio
99%
La regione di Vicenza e Belluno Veneto
98%
Città spagnola tristemente colpita da una grande alluvione nel 2024 Valencia
94%
Residenza del Re Sole Versailles
94%
Capitale lituana Vilnius
94%
Provincia lombarda Varese
92%
Capitale del Liechtenstein Vaduz
89%
La regione del Monte Bianco Valle d'Aosta
85%
Il più lungo fiume europeo Volga
81%
Isola dl Tirreno che ospita un vulcano attivo Vulcano
73%
Città soggetta ad un fatidico assedio da parte degli Ottomani nel 1683 Vienna
57%
Conosciuta in passato come Stalingrado Volgograd
44%
La capitale della Francia non occupata durante la WW2 Vichy
40%
Il fiume più lungo della Polonia, che attraversa Cracovia e Varsavia Vistola
33%
Città bulgara sulle coste del Mar Nero Varna
27%
Nessun quiz corrispondente trovato
Distribuzione punteggi
Percentuale di utenti per punteggio
Percentile per numero di risposta
I tuoi punteggi nel tempo
Non hai fatto questo quiz